| 000 | 00539nam a22001697a 4500 | ||
|---|---|---|---|
| 999 |
_c12787 _d12787 |
||
| 003 | OSt | ||
| 005 | 20190124100943.0 | ||
| 008 | 190124b xxu||||| |||| 00| 0 eng d | ||
| 020 | _a9800014063 | ||
| 040 |
_aBiblioteca Nacional. _bspa _cFEVP |
||
| 082 | _a332.7220987 Cutter L428 | ||
| 100 | _aLayrisse de Nicolescu, Irene. | ||
| 245 | _aMecanismo de transmisión del mercado hipotecario al mercado de la vivienda en Venezuela. | ||
| 260 |
_aCaracas, Venezuela. _bInstituto de Urbanismo-UCV _c1998 |
||
| 300 | _a130 pp. | ||
| 942 |
_2ddc _cLIB |
||